|
|
|
|
| LEADER |
00000cam a2200000 a 4500 |
| 001 |
vtls001067288 |
| 003 |
SK-MaSNL |
| 005 |
20260301193419.0 |
| 008 |
251029s1991 xo e 0000edslo |
| 015 |
|
|
|a SNBA1992/03
|
| 020 |
|
|
|a 8022003247
|q (viaz.)
|
| 035 |
|
|
|a SNK000010118
|
| 040 |
|
|
|a SNK
|b slo
|c SNK
|e AACR2
|
| 041 |
1 |
|
|a slo
|h eng
|
| 044 |
|
|
|a xo
|c SK
|
| 080 |
|
|
|a 820 (73)-4
|2 1981
|
| 100 |
1 |
|
|a Emerson, Ralph Waldo,
|d 1803-1882
|4 aut
|9 93476
|
| 245 |
1 |
0 |
|a Eseje
|c Ralph Waldo Emerson ; Dušan Slobodník, Jozef Gális
|
| 250 |
|
|
|a 1. vyd.
|
| 260 |
|
|
|a Bratislava
|b Slovenský spisovateľ
|c 1991
|
| 300 |
|
|
|a 216 s.
|c 17 cm
|
| 490 |
1 |
|
|a Rozpravy
|v zv. 14
|
| 655 |
|
7 |
|a americká próza
|2 SNKPH
|9 300933
|
| 655 |
|
7 |
|a eseje
|2 SNKPH
|9 57030
|
| 700 |
1 |
|
|a Gális, Jozef,
|d 1939-
|4 ill
|9 220181
|
| 700 |
1 |
|
|a Slobodník, Dušan,
|d 1927-2001
|4 trl
|4 oth
|9 103407
|
| 830 |
|
0 |
|a Rozpravy
|9 317722
|
| 919 |
|
|
|a 80-220-0324-7
|
| 958 |
|
|
|a [BK]
|
| 958 |
|
|
|a LX
|
| 958 |
|
|
|a TL
|
| 958 |
|
|
|a UP
|
| 999 |
|
|
|c 877157
|d 879087
|
| 952 |
|
|
|t P60, <04>, [BOOK], {604}
|a SNK
|b SNK
|y VYP
|7 0
|p 17A0101830
|o snkSD 63938 D1
|0 0
|1 0
|4 0
|d 1997-10-06
|l 0
|r 2004-12-31 00:00:00
|w 2026-02-24
|
| 952 |
|
|
|a SNK
|b SNK
|y PREZ
|7 0
|p 17A1044559
|o snkSD 63938
|0 0
|1 0
|4 0
|d 2013-08-21
|l 0
|r 2026-02-24 06:03:01
|w 2026-02-24
|